000 00831nam a2200241 4500
003 KOHA_MİRAKIL
005 20260415064037.0
008 260415b tu ||||| |||| 00| 0 tur d
040 _aTR-AnABB
_btur
_cTR-AnABB
041 _atur
082 _a711.309561
_bCEZ 1978
100 1 _aÇezik, Asuman
245 1 0 _aBölgesel gelişme ve kentleşme :
_bgeçmiş dönemlere ilişkin bir irdeleme /
_cAsuman Çezik
246 _aBölgesel gelişme ve kentleşme
260 _aAnkara :
_bDevlet Planlama Teşkilatı,
_c1978
300 _a82 sayfa :
_btablo ;
_c24 cm
490 0 _aDevlet Planlama Teşkilatı :
_vYayın No: 1638
490 0 _aSPD :
_v308
505 _aİçindekiler: Bölgesel gelişme - Kentleşme - Sonuçlar
650 0 4 _aKentleşme
650 0 4 _aKentleşme, Türkiye
942 _2ddc
_cBK
999 _c10237
_d10237
900 _bCan ÇELIK